Statistiche per Ricostruisci la Carriera del Calciatore - Antonio Cassano

Clicka qui per fare il quiz!

Statistiche generali

  • Questo quiz è stato fatto 21 volte
  • Il punteggio medio è 5 su 9

Statistiche sulle risposte

HintRisposta% Corretto
1999-2001 Bari
100%
2001-2006 Roma
90%
2006-2007 Real Madrid
80%
2012-2013 Inter
50%
2013-2015 Parma
40%
2017 Verona
40%
2011-2012 Milan
30%
2007-2011 Sampdoria
30%
2015-2017 Sampdoria
30%

Distribuzione punteggi

Percentile per numero di risposta

Percentuale di utenti per punteggio

I tuoi punteggi nel tempo

Non hai fatto questo quiz